00462nam a2200133 a 4500008004100000050002500041110004400066245010800110260004000218300002000258350000900278650001000287650003100297081121s1997 ||||||||||||||||| || u aIBRD-IFC(058)AR/1997 aInternational Finance Corporation (IFC)10aInternational Finance Corporation (IFC) annual report, 1997cby International Finance Corporation [IFC] aWashington, D.C.:bWorld Bankc1997 aix, 170p.: ill. a0.00 aBANKS aWORLD BANK--ANNUAL REPORTS